• 首页
  • 本馆介绍
  • 公告通知
  • 最新文献
  • 馆藏检索
  • 电子资源
  • 读者导购
  • 参考咨询
  • 我的图书馆
  • 登录
  • 详细信息显示
  • 放入我的书架
  • 预约/预借图书
  • 作者相关作品
  • 分类相关作品
  • 丛书相关作品
  • 出版社相关作品

书目信息

  • 表格格式
  • 工作单格式
  • 卡片格式
题名:
机械设备润滑手册
    
 
作者: 葛丰恒 , 孟广俊 编
分册:  
出版信息: 北京   石油工业出版社  1984.4
页数: 1161页
开本: 64
丛书名:
单 册:
中图分类: TH117.2-62
科图分类:
主题词: 机械--摩擦 , 磨损 , 机械--润滑
电子资源:
ISBN:
000 00638nam0 2200229 45
001 0312221749
005 20031222170912.2
010    @dCNY2.50
100    @a20031222d1984 km y0chiy0120 ea
101    @achi
105    @a z 000yy
200 1  @a机械设备润滑手册@AJi Xie She Bei Run Hua Shou Ce@f葛丰恒,孟广俊编@FGe Feng Heng,Meng Guang Jun Bian
210    @a北京@c石油工业出版社@d1984.4
215    @a1161页@d64
606 0  @a机械@x摩擦
606 0  @a磨损
606 0  @a机械@x润滑
690    @aTH117.2-62@v3
701 0  @a葛丰恒@4编
701 0  @a孟广俊@4编
801    @aCN@bTSTCL@c20031222
905    @a213230@dTH117.2-62@e22@b127740@f1
    
    机械设备润滑手册/葛丰恒,孟广俊编.-北京:石油工业出版社,1984.4
    1161页;64
    
    
    ISBN :CNY2.50
    
●
相关链接 在E读中查询图书 在五车中查询图书 在当当中查询图书 在豆瓣中查询图书


正题名:机械设备润滑手册     索取号:TH117.2-62/22         预约/预借

序号 登录号 条形码 馆藏地/架位号 状态 备注
1 0127740   000559835   第二样本阅览室/ [索取号:TH117.2-62/22] 在馆    
唐山师范学院图书馆 欢迎您!
大连网信软件有限公司© 版权所有